书目信息 |
| 题名: |
划破樱桃
|
|
| 作者: | 杉娃 著 ;于均 绘 | |
| 分册: | ||
| 出版信息: | 北京 东方出版社 2004.07 |
|
| 页数: | 155页, [4] 页图版 | |
| 开本: | 25cm | |
| 丛书名: | 红美人书系 | |
| 单 册: | ||
| 中图分类: | I247.5 | |
| 科图分类: | ||
| 主题词: | 长篇小说--chang pian xiao shuo--中国--当代 | |
| 电子资源: | ||
| ISBN: | 7-5060-1902-7 | |
| 000 | 00946nam 2200265 450 | |
| 001 | 012008232000 | |
| 005 | 20080322170327.98 | |
| 010 | @a7-5060-1902-7@dCNY22.00 | |
| 100 | @a20080322d2004 km y0chiy0121 ea | |
| 101 | 0 | @achi |
| 102 | @aCN@b110000 | |
| 105 | @aaf z 000ay | |
| 106 | @ar | |
| 200 | 1 | @a划破樱桃@Ahua po ying tao@f杉娃著@Fshan wa zhu@g于均绘@Gyu jun hui |
| 210 | @a北京@c东方出版社@d2004.07 | |
| 215 | @a155页, [4] 页图版@c彩图@d25cm | |
| 225 | 2 | @a红美人书系@Ahong mei ren shu xi |
| 330 | @a本书是青年作者杉娃新近推出的一部力作。小说以一个独特的视角契入中学生的生活和心理世界,用细致的笔触描写了两位女同学因为在学校同遭歧视、欺凌而互相同情互相怜爱成为彼此的情感依靠。 | |
| 410 | 0 | @12001 @a红美人书系 |
| 606 | 0 | @a长篇小说@Achang pian xiao shuo@y中国@z当代 |
| 690 | @aI247.5@v4 | |
| 701 | 0 | @a杉娃@Ashan wa@4著 |
| 702 | 0 | @a于均@Ayu jun@4绘 |
| 801 | 0 | @aCN@bQSSK@c20080322 |
| 905 | @b20289934-37@dI247.5@eS144@f4 | |
| 划破樱桃/杉娃著/于均绘.-北京:东方出版社,2004.07 |
| 155页, [4] 页图版:彩图;25cm.-(红美人书系) |
| ISBN 7-5060-1902-7:CNY22.00 |
| 本书是青年作者杉娃新近推出的一部力作。小说以一个独特的视角契入中学生的生活和心理世界,用细致的笔触描写了两位女同学因为在学校同遭歧视、欺凌而互相同情互相怜爱成为彼此的情感依靠。 |
| ● |
| 相关链接 |
|
|
|
正题名:划破樱桃
索取号:I247.5/S144
 
预约/预借
| 序号 | 登录号 | 条形码 | 馆藏地/架位号 | 状态 | 备注 |
| 1 | 289934 | 202899346 | 文学库108/400B社科库 25排1列4层/ [索取号:I247.5/S144] | 在馆 | |
| 2 | 289935 | 202899355 | 文学库108/400B社科库 24排3列4层/ [索取号:I247.5/S144] | 在馆 | |
| 3 | 289936 | 202899364 | 文学库108/400B社科库 25排1列4层/ [索取号:I247.5/S144] | 在馆 | |
| 4 | 289937 | 202899373 | 文学库108/108文学库 36排2列3层/ [索取号:I247.5/S144] | 在馆 |